000 00294nam a22001337a 4500
008 170323b xxu||||| |||| 00| 0 eng d
020 _a9781416050858
041 _aeng
080 _a616.9
100 _a8
101 _ashm
245 _aINFECTION DISEASE CLINICS
_cTALAN.D.A
942 _2udc
_cBK
999 _c8474
_d8474